Countries with Most Cattle - Statistics

General Stats
  • This quiz has been taken 288 times
  • The average score is 7 of 10
Answer Stats
Rank Cattle (thousands) Country % Correct
4 97,000 United States
99%
3 106,000 China
95%
2 176,000 Brazil
94%
1 219,600 India
93%
5 50,000 Argentina
91%
9 29,000 Australia
88%
8 30,600 Mexico
84%
10 27,000 Colombia
50%
7 34,500 Ethiopia
27%
6 38,000 Sudan
20%
No matching quizzes found
Score Distribution
Percent of People with Each Score
Percentile by Number Answered
Your Score History
You have not taken this quiz